000 00388nam a2200133Ia 4500
008 151001s9999||||xx |||||||||||||| ||und||
100 _aमदनलाल शर्मा
245 _aप्रेरणादायक सामाजिक कहानियां
250 _a1
260 _bकिरण प्रकाशन
260 _c2012
300 _a95
365 _b21
999 _c999147
_d999144